Top 100 Baby Boy Names in Spain for 2017 - Statistics

General Stats
  • This quiz has been taken 1,437 times
  • The average score is 50 of 100
Answer Stats
Answer % Correct
J Juan
89%
J José
87%
D Daniel
86%
M Marc
83%
C Carlos
82%
D David
82%
M Miguel Ángel
82%
L Luca
80%
M Miguel
80%
P Pablo
80%
P Pedro
80%
M Marco
75%
A Alejandro
74%
A Antonio
74%
L Lucas
74%
L Luis
74%
L Leo
72%
J Jorge
71%
M Manuel
69%
J Javier
68%
V Víctor
67%
F Francisco
66%
M Martí
65%
F Fernando
63%
H Hugo
63%
M Mateo
63%
O Óscar
63%
A Álex
62%
A Ángel
62%
D Diego
61%
M Martín
61%
O Oliver
61%
P Pau
61%
S Samuel
61%
A Alberto
60%
J Jesús
60%
M Mario
59%
A Andrés
58%
G Gabriel
58%
M Marcos
57%
I Iván
56%
P Pol
56%
S Sergio
56%
A Adrián
54%
E Enrique
54%
N Nicolás
54%
R Raúl
53%
A Álvaro
50%
C Cristian
50%
H Héctor
50%
N Noah
49%
I Izan
47%
R Rafael
47%
G Guillermo
46%
I Isaac
46%
S Santiago
46%
J Jaime
45%
E Eric
44%
E Erik
44%
I Ignacio
44%
I Iker
43%
L Liam
43%
M Mohamed
43%
O Omar
42%
R Rodrigo
41%
A Adam
40%
A Aarón
39%
I Ian
39%
R Rubén
37%
B Bruno
36%
G Gonzalo
36%
T Teo
36%
N Neizan
35%
T Thiago
35%
E Enzo
32%
A Alan
31%
I Ismael
31%
J Joan
31%
D Darío
30%
J Joel
30%
M Matías
30%
S Saúl
30%
A Aitor
29%
D Dylan
28%
G Gael
28%
R Rayan
28%
U Unai
28%
A Alonso
26%
Y Youssef
26%
J Jan
25%
N Nil
25%
M Mauro
24%
A Asier
23%
A Aleix
22%
A Axel
22%
A Arnau
20%
J Julen
20%
A Amir
19%
B Biel
19%
I Imran
17%
No matching quizzes found
Score Distribution
Percent of People with Each Score
Percentile by Number Answered
Your Score History
You have not taken this quiz